| 000 | 01136nam a2200325 4500 | ||
|---|---|---|---|
| 001 | 174460 | ||
| 003 | ES-MaACL | ||
| 005 | 20250718062552.0 | ||
| 008 | 100423s1988 sp |||| |dspa d | ||
| 017 | _aM 39631-1988 | ||
| 020 | _a84-249-1298-5 | ||
| 080 | _a159.923(02)"-03" | ||
| 080 | _a17 | ||
| 080 | _a821.14-6"02" | ||
| 100 | 0 |
_aTeofrasto. _9109716 |
|
| 245 | 1 | 0 |
_aCaracteres / _cTeofrasto. Cartas de pescadores, campesinos, parásitos y cortesanas / Alcifrón ; introducciones, traducciones y notas por Elisa Ruiz García. |
| 260 |
_aMadrid : _bGredos, _c1988. |
||
| 300 |
_a327 p. ; _c20 cm. |
||
| 490 | 1 |
_aBiblioteca clásica Gredos ; _v119 |
|
| 504 | _aBibliografía: p. [45]-48, p. [169]-172. | ||
| 594 | _aTraducido del griego. | ||
| 650 | 7 |
_aÉtica _2embne _912577 |
|
| 650 | 4 |
_aCarácter- _vObras anteriores a 1800. _9142571 |
|
| 700 | 1 |
_aAlcifrón. _tEpístolas. _9142572 |
|
| 700 | 1 |
_aRuiz García, Elisa. _9100813 |
|
| 740 | 0 | _aCartas de pescadores, campesinos, parásitos y cortesanas. | |
| 830 | 0 |
_aBiblioteca clásica Gredos ; _v119 _9177556 |
|
| 852 | 4 |
_a BA _jC-57134 |
|
| 999 |
_c174460 _d174460 |
||